Krásne Vianoce kolekcia najkrajších vianočných melódií

Bibliographic Details
Other Authors: Gott, Karel, 1939-2019 (Performer), Habera, Pavol, 1962- (Performer), Vondráčková, Helena, 1947- (Performer), Balogh, Berco, 1961- (Performer), Lužinská, Lucia, 1976- (Performer)
Format: CD Audio
Language:Slovak
Czech
PhysicalDescription:1 zvuková platňa digital, stereo 12 cm
Published: Bratislava Musica 2007
Subjects:

MARC

LEADER 00000njm a2200000 a 4500
001 vtls009186212
003 SK-MaSNL
005 20260301210634.0
007 sd fsngnnmmned
008 080226s2007 xo ppnngs slo
015 |a SNBJ2010/04-02486 
024 3 0 |a 9004364721114 
028 2 2 |a 720 5111-2  |b Musica 
040 |a SNK  |b slo  |c SNK  |e AACR2 
041 0 |a slo  |a cze 
044 |a xo  |c SK 
072 7 |a 784  |x Vokálna hudba  |2 konspekt 
080 |a 784.68  |2 2001 
080 |a (086.76)  |2 2001 
080 |a 784.4  |2 2001 
245 0 0 |a Krásne Vianoce  |h zvukový dokument  |b kolekcia najkrajších vianočných melódií 
260 |a Bratislava  |b Musica  |c 2007 
300 |a 1 zvuková platňa  |b digital, stereo  |c 12 cm 
500 |a Obsahuje 15 piesní 
500 |a Kompaktná platňa (CD) 
505 0 |a Malé tiché štěstí/Karel Gott -- List Ježiškovi/Pavol Habera -- Vánoční/Helena Vondráčková -- Biele Vianoce/Berco Balogh -- Krása Vianoc/Lucia Lužinská -- We Wish You A Mery Christmas/Gabriela Blasko -- Vám (Air)/Lucie Bílá&boni Pueri -- Tichá noc/Peter Dvorský & zbor Konzervatória v Bratislave -- Jerguš Judin/Blažena Martinková -- Pie Jezu/Bratislavský chlapčenský zbor -- Ave Maria/Hector Sandoval & Blažena Martinková -- Vianočný zázrak/Christmas Band -- My Heart Will Go On/Jana Šomošiová Kállayová -- Svet lásku má/Pavol Habera, Karel Gott, Peter Dvorský -- Šťastné Vianoce/Peter Baraník & Dália Izraelová -- Zima na saniach/Michal Dočolomanský 
511 0 |a Spievajú: Karel Gott, Pavol Habera, Helena Vondráčková, Lucie Bílá, Berco Balogh, Lucia Lužinská a ďalší 
650 0 7 |a vianočné piesne  |2 SNKPH  |9 67789 
650 0 7 |a populárne piesne  |2 SNKPH  |9 3446 
655 7 |a kompaktné platne  |2 SNKPH  |9 70690 
700 1 |a Gott, Karel,  |d 1939-2019  |4 prf  |9 98862 
700 1 |a Habera, Pavol,  |d 1962-  |4 prf  |9 98859 
700 1 |a Vondráčková, Helena,  |d 1947-  |4 prf  |9 111903 
700 1 |a Balogh, Berco,  |d 1961-  |4 prf  |9 114881 
700 1 |a Lužinská, Lucia,  |d 1976-  |4 prf  |9 98863 
999 |c 914286  |d 916216 
952 |a SNK  |b SNK  |y PREZ  |7 0  |p 17A0580777  |o snkSCD 2218  |i snk2008/4636  |8 0  |0 0  |1 0  |4 0  |d 2008-02-26  |l 0  |r 2026-02-24 07:54:57  |w 2026-02-24